000 00858nam a22002297a 4500
003 UA-OsUOA
001 77215
007 ta
008 20110905b un ||||| |||| 00| 0 ukr d
090 _a343.23(082)
_bД37
942 _cBK
040 _aUA-OsUOA
_brus
_cUA-OsUOA
_dUA-OsUOA
245 _aДесятый Конгресс Организации Объединенных Наций по предупреждению преступности и обращению с правонарушителями
_bсборник документов
_cсост.:к.ю.н. Волеводз А.Г.
300 _a496 с.
955 _a2
041 _arus
080 _a343.23(082)
020 _a5-93295-032-6
260 _aМ.
_bЮрлитинформ
_c2001
650 7 _a343 Кримінальне право. Карні порушення
_2UDC
999 _c363513
_d363513